000 00781nam a2200193Ii 4500
003 JO-AjNU
008 230605s9999||||xx |||||||||||||| ||und||
040 _aJO-AjNU
_bara
_erda
_cJO-AjNU
041 _aara
050 1 4 _aBP144.A3534 2002
100 3 _aحسين،أحمد فراج,
_eauthor
_921430
245 0 0 _aالمدخل للفقه الإسلامي: تاريخ الفقه الإسلامي الملكية ونظرية العقد
264 3 1 _aبيروت: منشورات الحلبي الحقوقية، 2002
300 _a584ص
336 _atext
_btxt
_2rdacontent
337 _aunmediated
_bn
_2rdamedia
338 _avolume
_bnc
_2rdacarrier
650 4 _aالعقود- فقه اسلامي- الملكية- فقه اسلامي- الفقه الاسلامي- فلسفة
_921431
999 _aA7442
_c11010
_d11010